5HLuxD.jpg

KING HENRY VIII SENIOR AND PRIMARY SCHOOL LIBRARY OPAC

EGYPT (Record no. 5048)

000 -LEADER
fixed length control field 00243nam a22001097a 4500
008 - FIXED-LENGTH DATA ELEMENTS--GENERAL INFORMATION
fixed length control field 250516b ||||| |||| 00| 0 eng d
020 ## - INTERNATIONAL STANDARD BOOK NUMBER
International Standard Book Number 9781534524019
082 ## - DEWEY DECIMAL CLASSIFICATION NUMBER
Classification number 962.05 CAV
100 ## - MAIN ENTRY--PERSONAL NAME
Personal name CAVELL,STEFFI
Relator term AUTHOR
245 ## - TITLE STATEMENT
Title EGYPT
942 ## - ADDED ENTRY ELEMENTS (KOHA)
Source of classification or shelving scheme
Holdings
Withdrawn status Lost status Source of classification or shelving scheme Damaged status Not for loan Collection code Permanent Location Current Location Shelving location Date acquired Full call number Barcode Date last seen Price effective from Koha item type Public note
          Non-Fiction KH8 Primary School Library KH8 Primary School Library Non Fiction 2025-05-16 962.05 CAV 3KHPL000002412 2025-12-05 2025-05-16 Books - Non Ficton KH8 PRIMARY LIBRARY

Powered By KH8 IT Dept